[Event "Langley op"]
[Site "Langley"]
[Date "2018.09.03"]
[Round "6.8"]
[White "Lee, Mau Seng"]
[Black "Yang, Brian"]
[Result "0-1"]
[WhiteElo "1583"]
[BlackElo "1781"]
[PlyCount "36"]
[EventDate "2018.09.01"]
[EventType "swiss"]
[EventRounds "6"]
[EventCountry "CAN"]
[SourceTitle "EXT 2022"]
[Source "ChessBase"]
[SourceDate "2021.10.06"]
[SourceVersion "1"]
[SourceVersionDate "2021.10.06"]
[SourceQuality "1"]

1. e4 c5 2. e5 Nc6 3. f4 d5 4. Nf3 Bg4 5. h3 Bxf3 6. gxf3 e6 7. h4 Be7 8. Bb5 Bxh4+ 9. Ke2 Nh6 10. Rh3 Nf5 11. Bxc6+ bxc6 12. Qg1 0-0 13. Qxc5 f6 14. d4 fxe5 15. dxe5 Qc8 16. Nd2 Qa6+ 17. Kd1 d4 18. c4 Be7 0-1

[Event "British Columbia-ch U20"]
[Site "Richmond"]
[Date "2017.11.13"]
[Round "5.3"]
[White "Doknjas, John"]
[Black "Yang, Brian"]
[Result "1-0"]
[WhiteElo "2276"]
[BlackElo "1400"]
[PlyCount "37"]
[EventDate "2017.11.11"]
[EventType "swiss"]
[EventRounds "5"]
[EventCountry "CAN"]
[SourceTitle "EXT 2022"]
[Source "ChessBase"]
[SourceDate "2021.10.06"]
[SourceVersion "1"]
[SourceVersionDate "2021.10.06"]
[SourceQuality "1"]

1. e4 c5 2. Nc3 e6 3. f4 Nc6 4. Nf3 g6 5. e5 Nge7 6. Ne4 Nd5 7. c4 f5 8. Nd6+ Bxd6 9. cxd5 Nxe5 10. fxe5 Bxe5 11. dxe6 0-0 12. exd7 Bxd7 13. Bc4+ Kh8 14. 0-0 Bg7 15. d3 b5 16. Bd5 Rb8 17. Bg5 Qb6 18. Qd2 Be8 19. Be7 1-0

[Event "CAN-ch U14"]
[Site "Sault Ste Marie"]
[Date "2017.07.10"]
[Round "7.38"]
[White "Yang, Brian"]
[Black "Dornieden, Jonas"]
[Result "1/2-1/2"]
[WhiteElo "1194"]
[BlackElo "1729"]
[PlyCount "100"]
[EventDate "2017.07.06"]
[EventType "swiss"]
[EventRounds "7"]
[EventCountry "CAN"]
[SourceTitle "EXT 2022"]
[Source "ChessBase"]
[SourceDate "2021.10.06"]
[SourceVersion "1"]
[SourceVersionDate "2021.10.06"]
[SourceQuality "1"]

1. e4 e5 2. Nf3 Nc6 3. Bc4 Nf6 4. d3 d6 5. c3 Bg4 6. 0-0 Be7 7. Re1 0-0 8. Nbd2 Re8 9. h3 Bh5 10. Nf1 Bf8 11. Bg5 h6 12. Be3 d5 13. exd5 Nxd5 14. Ng3 Bg6 15. a3 Nxe3 16. Rxe3 Bc5 17. Re2 a6 18. b4 Ba7 19. b5 axb5 20. Bxb5 Qd5 21. a4 Re7 22. Nh4 Qe6 23. Bc4 Qf6 24. Nxg6 Qxg6 25. Kh1 Bxf2 26. Rxf2 Qxg3 27. Qf3 Qxf3 28. Rxf3 Kf8 29. Bd5 f6 30. Bxc6 bxc6 31. c4 e4 32. Re3 f5 33. dxe4 Re5 34. Rf3 Rxe4 35. Rxf5+ Ke7 36. Rf3 Ra5 37. Rc3 Rd4 38. Kg1 Rf4 39. Kh2 Kf6 40. g4 Kg5 41. Kg3 Rf6 42. h4+ Kg6 43. Rf3 h5 44. gxh5+ Kxh5 45. Rxf6 gxf6 46. Kf4 Kg6 47. Ra3 Kf7 48. Ra1 Ke6 49. Kg4 Kf7 50. Kf4 Kg6 1/2-1/2

[Event "CAN-ch U14"]
[Site "Sault Ste Marie"]
[Date "2017.07.07"]
[Round "3.37"]
[White "Yang, Brian"]
[Black "Chung, Alec"]
[Result "0-1"]
[WhiteElo "1194"]
[BlackElo "1799"]
[PlyCount "60"]
[EventDate "2017.07.06"]
[EventType "swiss"]
[EventRounds "7"]
[EventCountry "CAN"]
[SourceTitle "EXT 2022"]
[Source "ChessBase"]
[SourceDate "2021.10.06"]
[SourceVersion "1"]
[SourceVersionDate "2021.10.06"]
[SourceQuality "1"]

1. e4 c5 2. d3 d6 3. Nf3 Nf6 4. Nbd2 e6 5. g3 Be7 6. Bg2 a6 7. 0-0 Nbd7 8. c3 b5 9. Re1 Bb7 10. Qe2 0-0 11. d4 cxd4 12. cxd4 Rc8 13. Nh4 Qb6 14. e5 Nd5 15. Qg4 dxe5 16. dxe5 Nb4 17. Bxb7 Qxb7 18. Ndf3 Kh8 19. Bg5 Bxg5 20. Nxg5 h6 21. Qh5 Kg8 22. Nxe6 fxe6 23. Qg4 Qb6 24. Rad1 Nd3 25. Rf1 Nxf2 26. Rxf2 Rxf2 27. Kh1 Rcc2 28. Nf3 Nxe5 29. Rd8+ Qxd8 30. Qxe6+ Kh8 0-1